ბათუმის შოთა რუსთაველის სახელმწიფო უნივერსიტეტის ბიბლიოთეკა

სამანქანათმშენებლო ხაზვა : (ბიბ.ჩანაწერი № 39233)

000 -ლიდერი
ფიქსირებული სიგრძის საკონტროლო ველი 01040nam a2200241Ia 4500
001 - საკონტროლო ნომერი
საკონტროლო ველი 5819
003 - საკონტროლო ნომრის იდენტიფიკატორი
საკონტროლო ველი GE_BSU
005 - ბოლო ოპერაციის თარიღი და დრო
საკონტროლო ველი 20190610152928.0
008 - ფიქსირებული სიგრძის მონაცემთა ელემენტები - ზოგადი ინფორმაცია
ფიქსირებული სიგრძის საკონტროლო ველი 181216s1976||||ge |||||||||||||| ||geo||
040 ## - კატალოგიზაციის წყარო
Transcribing agency GE_BSU
041 ## - ენის კოდი
Language code of text/sound track or separate title GEO
080 ## - უნივერსალური ათობითი კლასიფიკაციის ინდექსი
Universal Decimal Classification number 744 : 621(075.8) ლ-29
100 ## - მთავარი ჩანაწერი - პიროვნების სახელი
Personal name ლაფერაშვილი, მ.
9 (RLIN) 2323
245 ## - ცნობა სათაურის შესახებ
Title სამანქანათმშენებლო ხაზვა :
Remainder of title სახელმძღვ. /
Statement of responsibility, etc მ. ლაფერაშვილი, ი.მალუნცევი ; რედ. ი. გოგუაძე.
264 ## - წარმოების, გამოცემის, დისტრიბუციის და სხვა ცნობები
გამოცემის, წარმოების, დისტრიბუციის... ადგილი თბილისი ;
გამოცემის, წარმოების, დისტრიბუციის... სახელწოდება განათლება,
გამოცემის, წარმოების, დისტრიბუციის... თარიღი 1976.
300 ## - ფიზიკური აღწერა
Extent 192 ვგ. :
Other physical details ილ. ;
Dimensions 30 სმ.
504 ## - BIBLIOGRAPHY, ETC. NOTE
Bibliography, etc ბიბლიოგრ. : გვ.191.
653 ## - INDEX TERM--UNCONTROLLED
Uncontrolled term სამანქანათმშენებლო ხაზვა
653 ## - INDEX TERM--UNCONTROLLED
Uncontrolled term ხაზვა
700 ## - ADDED ENTRY--PERSONAL NAME
Personal name მალუნცევი, ი.
Relator term ავტორი
9 (RLIN) 2324
700 ## - ADDED ENTRY--PERSONAL NAME
Personal name გოგუაძე, ი.
Relator term რედაქტორი
9 (RLIN) 2325
942 ## - ADDED ENTRY ELEMENTS (KOHA)
Koha item type წიგნი
Source of classification or shelving scheme
ეგზემპლარები
ჩამოწერის სტატუსი დაკარგული ეგზემპლარის სტატუსი კლასიფიკაციის წყარო ან თაროზე გაწყობის სქემა დაზიანების სტატუსი არ გაიცემა მუდმივი მდებარეობა (დაცვის ადგილი) ამჟამინდელი ადგილსამყოფელი თაროზე განთავსების ადგილი შეძენის თარიღი ღირებულება, შესყიდვის ნორმალური ფასი სრული შენახვის შიფრი შტრიხკოდი ბოლო ოპერაციის თარიღი ეგზემპლარის მიმდევრობითი ნომერი (კეტერი?) ფასის ძალაში შესვლის თარიღი ეგზემპლარის სახეობა საჯარო შენიშვნა
          ტექნოლოგიური ფაკულტეტის ბიბლიოთეკა ტექნოლოგიური ფაკულტეტის ბიბლიოთეკა წიგნსაცავი 2018-12-17 3.98 744 : 621(075.8) ლ-29 12201 2018-12-17 12201 2018-12-17 წიგნი 3.98 ლ.
          ტექნოლოგიური ფაკულტეტის ბიბლიოთეკა ტექნოლოგიური ფაკულტეტის ბიბლიოთეკა წიგნსაცავი 2018-12-17 3.98 744 : 621(075.8) ლ-29 12202 2018-12-17 12202 2018-12-17 წიგნი 2.98 ლ.
          ტექნოლოგიური ფაკულტეტის ბიბლიოთეკა ტექნოლოგიური ფაკულტეტის ბიბლიოთეკა წიგნსაცავი 2018-12-17 3.98 744 : 621(075.8) ლ-29 12203 2018-12-17 12203 2018-12-17 წიგნი 3.98 ლ.